<?xml version="1.0" encoding="UTF-8"?>
<marc:record xmlns:marc="http://www.loc.gov/MARC21/slim">
   <marc:leader>00000nam a2200000 a 4500</marc:leader>
   <marc:datafield ind1="1" ind2=" " tag="100">
      <marc:subfield code="a">Bluhm, Detlef</marc:subfield>
      <marc:subfield code="4">aut</marc:subfield>
      <marc:subfield code="e">Verfasser/-in</marc:subfield>
   </marc:datafield>
   <marc:datafield ind1=" " ind2=" " tag="653">
      <marc:subfield code="a">Katze</marc:subfield>
   </marc:datafield>
   <marc:datafield ind1=" " ind2=" " tag="653">
      <marc:subfield code="a">Haustiere</marc:subfield>
   </marc:datafield>
   <marc:datafield ind1=" " ind2=" " tag="653">
      <marc:subfield code="a">Katzen</marc:subfield>
   </marc:datafield>
   <marc:datafield ind1=" " ind2=" " tag="653">
      <marc:subfield code="a">Katzenliebhaber</marc:subfield>
   </marc:datafield>
   <marc:datafield ind1=" " ind2=" " tag="653">
      <marc:subfield code="a">Katzenmensch</marc:subfield>
   </marc:datafield>
   <marc:datafield ind1=" " ind2=" " tag="653">
      <marc:subfield code="a">Kulturgeschichte</marc:subfield>
   </marc:datafield>
   <marc:datafield ind1=" " ind2=" " tag="653">
      <marc:subfield code="a">Samtpfote</marc:subfield>
   </marc:datafield>
   <marc:datafield ind1=" " ind2=" " tag="653">
      <marc:subfield code="a">Tiere</marc:subfield>
   </marc:datafield>
   <marc:datafield ind1=" " ind2=" " tag="653">
      <marc:subfield code="a">Softcover / Belletristik/Geschenkbücher</marc:subfield>
   </marc:datafield>
   <marc:datafield ind1=" " ind2=" " tag="653">
      <marc:subfield code="a">eBooks;Sachbuch;Katzen;Kater;Experte;Kunst;Haustier;Infotainment;Wissenswertes;Geschichten;E.T.A.Hoffmann</marc:subfield>
   </marc:datafield>
   <marc:datafield ind1=" " ind2=" " tag="653">
      <marc:subfield code="a">Geschenkbücher</marc:subfield>
   </marc:datafield>
   <marc:datafield ind1="0" ind2="0" tag="245">
      <marc:subfield code="a">Katzenspuren</marc:subfield>
   </marc:datafield>
   <marc:datafield ind1="0" ind2="0" tag="245">
      <marc:subfield code="b">vom Weg der Katze durch die Welt</marc:subfield>
   </marc:datafield>
   <marc:datafield ind1="0" ind2="0" tag="245">
      <marc:subfield code="c">Detlef Bluhm</marc:subfield>
   </marc:datafield>
   <marc:datafield ind1=" " ind2="1" tag="264">
      <marc:subfield code="a">München</marc:subfield>
      <marc:subfield code="b">Thiele Verlag</marc:subfield>
   </marc:datafield>
   <marc:datafield ind1="1" ind2=" " tag="520">
      <marc:subfield code="a">Angaben aus der Verlagsmeldung

Katzenspuren : Vom Weg der Katze durch die Welt / von Detlef Bluhm

Ein Siegeszug auf Samtpfoten: Katzen erobern unser Herz – und das schon seit über 4000 Jahren. Mit Augenzwinkern und viel Humor führt uns Katzenexperte Detlef Bluhm durch die Geschichte der Katze und sammelt, was man über unser Lieblingshaustier wissen muss: Vergnügliches, Spannendes und Verblüffendes. So hat er möglicherweise nicht alle, aber einige der Rätsel rund um die Katze gelöst, denn er hat in dieser umfangreichen Katzen-Kulturgeschichte das gesammelte Wissen der heutigen Zeit zusammengetragen. Mit Spannung folgen wir den Sprüngen der Katze durch die Weltgeschichte, erfahren von ihrer besonderen Nähe zu Kunst und Literatur und begleiten sie unter anderem auch bei ihren beruflichen Tätigkeiten. Wie ein roter Faden zieht sich die besondere Verbindung zwischen Katzen und Schriftstellern und anderen Künstlern durch dieses Buch. Aber auch zu ernsten Themen wie dem Umgang mit dem Tod des schnurrhaarigen Gefährten gibt Detlef Bluhms großartiges Katzenbuch wertvollen Rat. Man kann mit diesem Buch alles Mögliche anfangen – es durchlesen, etwas nachschlagen, klug werden, es verschenken. Sich langweilen allerdings nicht.
</marc:subfield>
   </marc:datafield>
   <marc:datafield ind1=" " ind2=" " tag="020">
      <marc:subfield code="a">9783851793741</marc:subfield>
      <marc:subfield code="9">9783851793741</marc:subfield>
   </marc:datafield>
   <marc:datafield ind1=" " ind2=" " tag="020">
      <marc:subfield code="a">3851793749</marc:subfield>
      <marc:subfield code="9">3851793749</marc:subfield>
   </marc:datafield>
   <marc:datafield ind1=" " ind2=" " tag="041">
      <marc:subfield code="a">ger</marc:subfield>
   </marc:datafield>
   <marc:datafield ind1=" " ind2=" " tag="300">
      <marc:subfield code="a">398 Seiten</marc:subfield>
   </marc:datafield>
</marc:record>
